Estructuras algebraicas para la lógica fuzzy /

Guardado en:
Otros Autores: Entizne, Rosana. (Disertante), Brignole, Diana. (Orientador), Viglizzo, Ignacio Darío. (Orientador)
Formato: Libro
Idioma:Spanish
Publicado: Bahía Blanca, 2009.
Materias:
Etiquetas: Agregar Etiqueta
Sin Etiquetas, Sea el primero en etiquetar este registro!
LEADER 00879nam a22002175a 4500
001 MAT.inmabb006270
008 100218s2009####ag#a###f#b####001#0#spa#d
005 20130308114147.0
245 1 0 |a Estructuras algebraicas para la lógica fuzzy /  |c Rosana Virginia Entizne Jtten. 
260 |a Bahía Blanca,  |c 2009. 
300 |a vii, 228 p. :  |b il. ;  |c 30 cm. 
502 |a Tesis (Magister en Matemática)--Universidad Nacional del Sur. Departamento de Matemática, 2009. 
500 |a Directores de tesis: Mg. Diana M. Brignole y Dr. Ignacio Darío Viglizzo. 
504 |a Incluye referencias bibliográficas (p. 221-228). 
100 1 |a Entizne, Rosana.  |4 dis 
700 1 |a Brignole, Diana.  |4 ths 
700 1 |a Viglizzo, Ignacio Darío.  |4 ths 
710 2 |a Universidad Nacional del Sur.  |4 dgg 
084 |a 06B20 (03B52)  |2 msc2000 
653 |a Lógica fuzzy 
859 |h 06  |i En61  |p A-8594  |b BIB. MATEMATICA